| 000 | 01183nam a2200361 i 4500 | ||
|---|---|---|---|
| 001 | 32958 | ||
| 003 | KOSZ 005 | ||
| 005 | 20221222105607.0 | ||
| 008 | 980713s1998 pl f f |000 0 pol | ||
| 020 | _a8320810752 | ||
| 040 |
_aKOSZ 005 _cKOSZ 005 _dKOSZ 005/HR |
||
| 046 | _k1994 | ||
| 080 | _a338.48 | ||
| 080 | _a(075.8) | ||
| 100 | 1 |
_aGaworecki, Władysław Włodzimierz _d(1933-2020) _eAutor |
|
| 245 | 1 | 0 |
_aTurystyka / _cWładysław W. Gaworecki. |
| 250 | _aWyd. 2 zm. [dodruk]. | ||
| 260 |
_aWarszawa : _bPaństwowe Wydawnictwo Ekonomiczne, _c1998. |
||
| 300 |
_a351, [1] s. ; _c21 cm. |
||
| 336 |
_2rdacontent _aTekst _btxt |
||
| 337 |
_2rdamedia _aBez urządzenia pośredniczącego _bn |
||
| 338 |
_2rdacarrier _aWolumin _bnc |
||
| 380 | _aKsiążki | ||
| 388 | _a1901-2000 | ||
| 388 | _a1989-2000 | ||
| 504 | _aBibliogr. s. 350-[352]. | ||
| 650 | 4 | _aTurystyka | |
| 655 | 4 | _aPodręczniki akademickie | |
| 658 | _aGospodarka, ekonomia, finanse | ||
| 710 | 2 |
_aPolskie Wydawnictwo Ekonomiczne _4pbl. |
|
| 856 |
_uhttp://koha.tu.koszalin.pl/cgi-bin/koha/opac-detail.pl?biblionumber=32958 _yKatalog online BPK |
||
| 942 |
_2UKD _cKS |
||
| 999 |
_c32958 _d32958 |
||